Community forest management, ការគ្រប់គ្រងសហគមន៍ព្រៃឈើ (Record no. 9381)

000 -LEADER
fixed length control field 00337nam a22001217a 4500
040 ## - CATALOGING SOURCE
Transcribing agency SY
082 ## - DEWEY DECIMAL CLASSIFICATION NUMBER
Classification number 338
100 ## - MAIN ENTRY--AUTHOR NAME
Personal name VON MONIN; វន មុនិន្ទ
245 ## - TITLE STATEMENT
Title Community forest management, ការគ្រប់គ្រងសហគមន៍ព្រៃឈើ
260 ## - PUBLICATION, DISTRIBUTION, ETC. (IMPRINT)
Place of publication RUA
Name of publisher VON
Year of publication 2007
300 ## - PHYSICAL DESCRIPTION
Number of Pages 94p.
942 ## - ADDED ENTRY ELEMENTS (KOHA)
Koha item type សៀវភៅភាសាខ្មែរ
952 ## - LOCATION AND ITEM INFORMATION (KOHA)
Withdrawn status [LOCAL, KOHA] 0
Holdings
Permanent Location Date acquired Koha item type Lost status Shelving location Barcode Current Location Full call number
Library Block C2016-08-31សៀវភៅភាសាខ្មែរ C193RUA042255Library Block C338 VON 2007 C193
មជ្ឈមណ្ឌលឯការនៃសាកលវិទ្យាល័យភូមិន្ទកសិកម្មចំការដូង

Powered by Koha